Discografía de Rosalía - Estadísticas

Estadísticas generales
  • Esta prueba ha sido intentada 148 veces
  • La puntuación promedio es 59 de 97
Estadísticas de respuestas
Respuesta % Correcto
La perla
98%
Reliquia
94%
MALAMENTE
92%
BESO
91%
DESPECHÁ
90%
SAOKO
90%
Berghain
89%
Magnolias
89%
Sexo, violencia y llantas
88%
BAGDAD
86%
LA FAMA
86%
MOTOMAMI
85%
PIENSO EN TU MIRÁ
85%
CHICKEN TERIYAKI
84%
Dios es un stalker
83%
VAMPIROS
83%
HENTAI
81%
Divinize
80%
BIZCOCHITO
78%
Catalina
78%
Porcelana
78%
COMO UN G
77%
Con altura
77%
LA COMBI VERSACE
77%
La yugular
77%
Abcdefg
76%
CANDY
76%
Memória
75%
Novia robot
75%
Sauvignon blanc
75%
DI MI NOMBRE
74%
La rumba del perdón
74%
Mundo nuevo
74%
SAKURA
74%
BULERÍAS
72%
A NINGÚN HOMBRE
70%
De madrugá
70%
G3 N15
70%
DIABLO
69%
CUTE
68%
Mio Cristo Piange Diamanti
66%
Dios nos libre del dinero
65%
La noche de anoche
65%
PROMESA
64%
DE AQUÍ NO SALES
63%
DELIRIO DE GRANDEZA
63%
Focu 'ranni
60%
LLYLM
60%
Milionària
60%
NANA
60%
CANDY Remix
59%
LAX
59%
Brillo
58%
Jeanne
58%
QUE NO SALGA LA LUNA
58%
TKN
58%
Aute Cuture
57%
RENIEGO
57%
LA KILIÉ
56%
A Palé
55%
Yo x ti tú x mi
55%
Omega
53%
TUYA
53%
Linda
52%
PRESO
52%
AISLAMIENTO
51%
CHIRI
51%
Dolerme
51%
New Woman
51%
MALDICIÓN
50%
Thank Yu
48%
Antes de morirme
47%
Juro que
47%
De Plata
45%
Oral
45%
Lo Vas A Olvidar
44%
La Hija de Juan Simón
43%
El pañuelo
42%
Relación Remix
42%
Aunque es de noche
41%
Blinding Lights Remix
41%
El Redentor
41%
Besos moja2
40%
Despechá remix
40%
I See A Darkness
40%
Si Tú Supieras Compañero
40%
Dia 14 De Abril
38%
Nos Quedamos Solitos
35%
Por Mi Puerta No Lo Pasen
35%
Que Se Muere Que Se Muere
35%
Te Venero
32%
Barefoot in the Park
31%
Por Castigarme Tan Fuerte
31%
KLK
27%
Highest in the Room Remix
26%
Bizcochito Remix
17%
Seguiriya Madre
14%
No se encontraron pruebas coincidentes
Distribución de puntuación
Porcentaje de gente con cada puntuación
Porcentaje por número respondido
Historial de tus puntuaciones
No has intentado esta prueba.